[Event "La Pobla de Lillet op 2006"]
[Site "La Pobla de Lillet ESP"]
[Date "2006.08.06"]
[Round "5.6"]
[White "Garcia Galeote, Lorenzo"]
[Black "Wehmeier, Stefan"]
[Result "0-1"]
[WhiteElo "2144"]
[BlackElo "2394"]
[PlyCount "118"]
[EventDate "2006.08.02"]
[EventType "swiss"]
[EventRounds "9"]
[EventCountry "ESP"]
[SourceTitle "Ajedrez en Madri"]
[Source "lmi"]
[SourceDate "2020.06.30"]
[SourceVersion "1"]
[SourceVersionDate "2020.06.30"]
[SourceQuality "1"]

1. d4 d5 2. Nf3 e6 3. Bf4 Bd6 4. e3 Bxf4 5. exf4 Qd6 6. Qd2 Nf6 7. c3 Ne4 8.
Qe3 Qb6 9. b3 Nd7 10. Bd3 Ndf6 11. h3 Bd7 12. O-O O-O 13. Ng5 Nd6 14. Nd2 Rac8
15. Rac1 c5 16. Ngf3 Bb5 17. c4 cxd4 18. Qxd4 Qxd4 19. Nxd4 Ba6 20. Be2 dxc4
21. Nxc4 Bxc4 22. bxc4 Nde4 23. Rc2 Rfd8 24. Nb5 a6 25. Na3 Nc5 26. Rb1 Nfe4
27. Rbb2 Kf8 28. Nb1 Rc7 29. Nd2 Nxd2 30. Rxd2 Rxd2 31. Rxd2 Ke7 32. Bf3 b6 33.
Rb2 Nd7 34. Be2 Rc6 35. g3 Kd6 36. Kg2 Kc5 37. Kf3 Rd6 38. a4 a5 39. Ke3 Kc6
40. Rb3 Nc5 41. Ra3 Na6 42. Rb3 Nb4 43. Rb2 Kc5 44. g4 f5 45. g5 g6 46. h4 Rd4
47. h5 Re4+ 48. Kf3 e5 49. fxe5 Rxe5 50. Rd2 Nc6 51. hxg6 hxg6 52. Kg3 Nd4 53.
Bf1 Re4 54. f3 Re3 55. Rd3 Rxd3 56. Bxd3 Ne6 57. Bxf5 gxf5 58. g6 Kxc4 59. Kh4
b5 0-1

[Event "La Pobla de Lillet op 2006"]
[Site "La Pobla de Lillet ESP"]
[Date "2006.08.06"]
[Round "5.7"]
[White "Basas Gamazo, Josep"]
[Black "Arribas Robaina, Maritza"]
[Result "1/2-1/2"]
[WhiteElo "2092"]
[BlackElo "2283"]
[PlyCount "59"]
[EventDate "2006.08.02"]
[EventType "swiss"]
[EventRounds "9"]
[EventCountry "ESP"]
[SourceTitle "Ajedrez en Madri"]
[Source "lmi"]
[SourceDate "2020.06.30"]
[SourceVersion "1"]
[SourceVersionDate "2020.06.30"]
[SourceQuality "1"]

1. e4 e6 2. d4 d5 3. Nd2 Nc6 4. c3 e5 5. exd5 Qxd5 6. Ngf3 exd4 7. Bc4 Qf5 8.
Nxd4 Nxd4 9. cxd4 Be6 10. Qa4+ c6 11. O-O Nf6 12. Qb3 O-O-O 13. Bxe6+ fxe6 14.
Nf3 Bd6 15. Re1 Nd5 16. Bg5 Rdf8 17. Bh4 h6 18. Bg3 Bf4 19. Rad1 g5 20. Qd3 Rf6
21. Qxf5 exf5 22. Re2 Bxg3 23. hxg3 f4 24. g4 h5 25. gxh5 Rxh5 26. Re8+ Kd7 27.
Rg8 Re6 28. Kf1 Rh1+ 29. Ng1 Rh5 30. Nf3 1/2-1/2

[Event "La Pobla de Lillet op 2006"]
[Site "La Pobla de Lillet ESP"]
[Date "2006.08.06"]
[Round "5.9"]
[White "Kovacevic, Slobodan"]
[Black "Miralles Brugues, Rafael"]
[Result "1-0"]
[WhiteElo "2340"]
[BlackElo "2091"]
[PlyCount "63"]
[EventDate "2006.08.02"]
[EventType "swiss"]
[EventRounds "9"]
[EventCountry "ESP"]
[SourceTitle "Ajedrez en Madri"]
[Source "lmi"]
[SourceDate "2020.06.30"]
[SourceVersion "1"]
[SourceVersionDate "2020.06.30"]
[SourceQuality "1"]

1. d4 c6 2. Nf3 Nf6 3. Bf4 d5 4. e3 Bg4 5. c4 Bxf3 6. gxf3 e6 7. Qb3 Qb6 8. c5
Qxb3 9. axb3 Nbd7 10. h3 e5 11. Bh2 exd4 12. exd4 Be7 13. b4 O-O 14. b5 Rfe8
15. Kd1 Rec8 16. bxc6 Rxc6 17. Nc3 Nf8 18. Bb5 Rcc8 19. Ra4 a6 20. Bd3 Ne6 21.
Re1 g6 22. f4 Bxc5 23. dxc5 Nxc5 24. Rd4 Nb3 25. Rb4 Nc5 26. Bc2 b5 27. f5 Rd8
28. Rd4 gxf5 29. Bxf5 Nfe4 30. Nxd5 Nxf2+ 31. Ke2 Nfe4 32. Bxe4 1-0

[Event "La Pobla de Lillet op 2006"]
[Site "La Pobla de Lillet ESP"]
[Date "2006.08.06"]
[Round "5.10"]
[White "Garcia Miracle, Joan Josep"]
[Black "Garcia Jimenez, Fransisco J"]
[Result "1/2-1/2"]
[WhiteElo "2047"]
[BlackElo "2270"]
[PlyCount "76"]
[EventDate "2006.08.02"]
[EventType "swiss"]
[EventRounds "9"]
[EventCountry "ESP"]
[SourceTitle "Ajedrez en Madri"]
[Source "lmi"]
[SourceDate "2020.06.30"]
[SourceVersion "1"]
[SourceVersionDate "2020.06.30"]
[SourceQuality "1"]

1. d4 g6 2. e4 Bg7 3. Nf3 d6 4. c4 c6 5. Be2 Bg4 6. Be3 Nd7 7. O-O e5 8. Qd2
Bxf3 9. Bxf3 exd4 10. Bxd4 Bxd4 11. Qxd4 Qf6 12. Rd1 Qxd4 13. Rxd4 Ke7 14. Nc3
Ngf6 15. Rad1 Ne8 16. Be2 Nc5 17. b4 Ne6 18. R4d2 Rd8 19. Bg4 N8g7 20. Bxe6
Nxe6 21. f3 h5 22. h4 f6 23. Ne2 Rd7 24. Kf2 Rhd8 25. Ke3 a5 26. a3 axb4 27.
axb4 Ra8 28. Nf4 Nxf4 29. Kxf4 Ra4 30. Rb2 Ke6 31. g4 hxg4 32. fxg4 Ra3 33. c5
Rh3 34. Rbd2 d5 35. exd5+ cxd5 36. Re2+ Kf7 37. Red2 Rb3 38. Rd4 Re7 1/2-1/2

[Event "La Pobla de Lillet op 2006"]
[Site "La Pobla de Lillet ESP"]
[Date "2006.08.07"]
[Round "6.1"]
[White "Cicak, Slavko"]
[Black "Mirzoev, Azer"]
[Result "1/2-1/2"]
[WhiteElo "2532"]
[BlackElo "2523"]
[PlyCount "26"]
[EventDate "2006.08.02"]
[EventType "swiss"]
[EventRounds "9"]
[EventCountry "ESP"]
[SourceTitle "Ajedrez en Madri"]
[Source "lmi"]
[SourceDate "2020.06.30"]
[SourceVersion "1"]
[SourceVersionDate "2020.06.30"]
[SourceQuality "1"]

1. c4 e6 2. Nf3 d5 3. e3 Nf6 4. b3 Be7 5. Bb2 O-O 6. Be2 c5 7. O-O Nc6 8. cxd5
Nxd5 9. a3 b6 10. d3 Bb7 11. Nbd2 Bf6 12. Qc2 Bxb2 13. Qxb2 Qf6 1/2-1/2

[Event "La Pobla de Lillet op 2006"]
[Site "La Pobla de Lillet ESP"]
[Date "2006.08.07"]
[Round "6.2"]
[White "Felgaer Ziegler, Ruben"]
[Black "Movsziszian, Karen"]
[Result "1-0"]
[WhiteElo "2581"]
[BlackElo "2507"]
[PlyCount "59"]
[EventDate "2006.08.02"]
[EventType "swiss"]
[EventRounds "9"]
[EventCountry "ESP"]
[SourceTitle "Ajedrez en Madri"]
[Source "lmi"]
[SourceDate "2020.06.30"]
[SourceVersion "1"]
[SourceVersionDate "2020.06.30"]
[SourceQuality "1"]

1. e4 d6 2. d4 Nf6 3. Nc3 g6 4. f4 Bg7 5. Nf3 c5 6. Bb5+ Bd7 7. e5 Ng4 8. h3
cxd4 9. Qxd4 Bxb5 10. Nxb5 Nh6 11. g4 Nc6 12. Qe4 Qa5+ 13. Nc3 O-O-O 14. Bd2
dxe5 15. fxe5 f5 16. exf6 exf6 17. Qe6+ Kb8 18. O-O-O Rhe8 19. Qb3 Qb4 20. Qxb4
Nxb4 21. Bf4+ Ka8 22. Nb5 Na6 23. Nd6 Rf8 24. Nd4 Nc7 25. N6b5 Nxb5 26. Nxb5
Rxd1+ 27. Rxd1 Rg8 28. Nc7+ Kb8 29. Ne8+ Kc8 30. Nd6+ 1-0

[Event "La Pobla de Lillet op 2006"]
[Site "La Pobla de Lillet ESP"]
[Date "2006.08.07"]
[Round "6.3"]
[White "Parligras, Mircea"]
[Black "Mellado Triviño, Juan"]
[Result "0-1"]
[WhiteElo "2510"]
[BlackElo "2388"]
[PlyCount "74"]
[EventDate "2006.08.02"]
[EventType "swiss"]
[EventRounds "9"]
[EventCountry "ESP"]
[SourceTitle "Ajedrez en Madri"]
[Source "lmi"]
[SourceDate "2020.06.30"]
[SourceVersion "1"]
[SourceVersionDate "2020.06.30"]
[SourceQuality "1"]

1. e4 d5 2. exd5 Qxd5 3. Nc3 Qd6 4. d4 Nf6 5. Nf3 a6 6. g3 b5 7. Bg2 Bb7 8. O-O
e6 9. Re1 Nbd7 10. Bf4 Qb6 11. d5 Bc5 12. Be3 O-O 13. dxe6 fxe6 14. Ng5 Bxg2
15. Kxg2 h6 16. Nge4 Bxe3 17. Rxe3 b4 18. Nxf6+ Nxf6 19. Nb1 Nd5 20. Rf3 Rxf3
21. Qxf3 Qc6 22. Nd2 Qxc2 23. Qe2 Kh8 24. Re1 Qxb2 25. Qd3 Qxa2 26. Nc4 Nb6 27.
Ne3 Qa5 28. Qe4 Qb5 29. Qxe6 a5 30. Rd1 Re8 31. Qg6 Rf8 32. Rc1 Nd5 33. Ng4 Qe2
34. Kg1 b3 35. Rb1 Nc3 36. Rf1 b2 37. Nxh6 Qxf1+ 0-1

[Event "La Pobla de Lillet op 2006"]
[Site "La Pobla de Lillet ESP"]
[Date "2006.08.07"]
[Round "6.5"]
[White "Wehmeier, Stefan"]
[Black "Velicka, Petr"]
[Result "1/2-1/2"]
[WhiteElo "2394"]
[BlackElo "2475"]
[PlyCount "119"]
[EventDate "2006.08.02"]
[EventType "swiss"]
[EventRounds "9"]
[EventCountry "ESP"]
[SourceTitle "Ajedrez en Madri"]
[Source "lmi"]
[SourceDate "2020.06.30"]
[SourceVersion "1"]
[SourceVersionDate "2020.06.30"]
[SourceQuality "1"]

1. d4 d5 2. c4 dxc4 3. Nf3 Nf6 4. Nc3 a6 5. a4 c5 6. d5 Bf5 7. Bf4 Ne4 8. e3
Qa5 9. Qc1 Nd7 10. Bxc4 Nb6 11. Bc7 Rc8 12. Bxb6 Qxb6 13. a5 Qf6 14. O-O Nxc3
15. bxc3 g5 16. Ra3 Bg7 17. Qb2 g4 18. Nd2 Rc7 19. e4 Bc8 20. Re1 Qd6 21. Bf1
Be5 22. g3 Rg8 23. Rb3 Qh6 24. Nc4 Qh5 25. Nxe5 Qxe5 26. c4 Rg5 27. f4 gxf3 28.
Qxe5 Rxe5 29. Rxf3 Rd7 30. Kf2 Rd6 31. Rb3 Kd8 32. Bd3 Kc7 33. Reb1 Rf6+ 34.
Kg2 h5 35. Rb6 Rxb6 36. Rxb6 f6 37. h4 f5 38. Kf3 fxe4+ 39. Bxe4 Bf5 40. Bxf5
Rxf5+ 41. Ke2 Re5+ 42. Kd2 Re4 43. Rh6 Rg4 44. Rxh5 Rxg3 45. Rg5 Rh3 46. h5 b5
47. cxb5 axb5 48. a6 Kb8 49. Re5 Ka7 50. Rxe7+ Kxa6 51. Re6+ Ka5 52. h6 c4 53.
d6 Kb6 54. d7+ Kc7 55. Rd6 Kd8 56. Ra6 Kxd7 57. h7 b4 58. Ra8 Rh2+ 59. Ke3 Rh3+
60. Ke2 1/2-1/2

[Event "La Pobla de Lillet op 2006"]
[Site "La Pobla de Lillet ESP"]
[Date "2006.08.07"]
[Round "6.6"]
[White "Alonso Moyano, Jonathan"]
[Black "Susterman, Anna"]
[Result "1/2-1/2"]
[WhiteElo "2372"]
[BlackElo "2262"]
[PlyCount "65"]
[EventDate "2006.08.02"]
[EventType "swiss"]
[EventRounds "9"]
[EventCountry "ESP"]
[SourceTitle "Ajedrez en Madri"]
[Source "lmi"]
[SourceDate "2020.06.30"]
[SourceVersion "1"]
[SourceVersionDate "2020.06.30"]
[SourceQuality "1"]

1. e4 c5 2. Nc3 Nc6 3. Bb5 g6 4. f4 Bg7 5. Nf3 Nd4 6. Bc4 e6 7. e5 d6 8. Ne4
dxe5 9. fxe5 Nxf3+ 10. Qxf3 Bxe5 11. O-O f5 12. d3 Nf6 13. Ng5 Ng4 14. Bb5+ Bd7
15. Nxe6 Qe7 16. Qxb7 Bxb5 17. Qxb5+ Kf7 18. Ng5+ Kg7 19. Nf3 Rab8 20. Qa5 Bf6
21. Bf4 Rxb2 22. Rae1 Qd7 23. h3 Rb4 24. Bd2 Ra4 25. Qxa4 Qxa4 26. hxg4 Qxg4
27. Re6 Bd4+ 28. Nxd4 Qxd4+ 29. Kh2 Qh4+ 30. Kg1 Qd4+ 31. Kh2 Qh4+ 32. Kg1 Qd4+
33. Kh2 1/2-1/2

[Event "La Pobla de Lillet op 2006"]
[Site "La Pobla de Lillet ESP"]
[Date "2006.08.07"]
[Round "6.8"]
[White "Arribas Robaina, Maritza"]
[Black "Garcia Paolicchi, Raul"]
[Result "1-0"]
[WhiteElo "2283"]
[BlackElo "2228"]
[PlyCount "59"]
[EventDate "2006.08.02"]
[EventType "swiss"]
[EventRounds "9"]
[EventCountry "ESP"]
[SourceTitle "Ajedrez en Madri"]
[Source "lmi"]
[SourceDate "2020.06.30"]
[SourceVersion "1"]
[SourceVersionDate "2020.06.30"]
[SourceQuality "1"]

1. e4 c5 2. Nf3 e6 3. c3 d5 4. exd5 Qxd5 5. d4 Nf6 6. Be3 cxd4 7. cxd4 Nc6 8.
Nfd2 Nxd4 9. Bxd4 Be7 10. Nf3 O-O 11. Bd3 Bd7 12. O-O Bb5 13. Bxb5 Qxb5 14. Qc2
Rfd8 15. Re1 Qh5 16. Re5 Qg6 17. Qxg6 hxg6 18. Rb5 b6 19. g3 Rac8 20. a4 Bc5
21. a5 Nd5 22. axb6 axb6 23. Bxc5 Rxc5 24. Rxc5 bxc5 25. Ra5 Rb8 26. Rxc5 Rxb2
27. Rc8+ Kh7 28. Ng5+ Kh6 29. h4 Kh5 30. f3 1-0

[Event "La Pobla de Lillet op 2006"]
[Site "La Pobla de Lillet ESP"]
[Date "2006.08.07"]
[Round "6.9"]
[White "Gardela Batlle, Jordi"]
[Black "Basas Gamazo, Josep"]
[Result "1-0"]
[WhiteElo "2230"]
[BlackElo "2092"]
[PlyCount "95"]
[EventDate "2006.08.02"]
[EventType "swiss"]
[EventRounds "9"]
[EventCountry "ESP"]
[SourceTitle "Ajedrez en Madri"]
[Source "lmi"]
[SourceDate "2020.06.30"]
[SourceVersion "1"]
[SourceVersionDate "2020.06.30"]
[SourceQuality "1"]

1. d4 Nf6 2. Nf3 g6 3. Bg5 Bg7 4. c3 d6 5. Nbd2 O-O 6. e4 Nbd7 7. Bc4 h6 8. Bh4
c6 9. Qc2 e5 10. O-O g5 11. Bg3 Nh5 12. dxe5 dxe5 13. Rfd1 Qe7 14. a4 a5 15.
Nf1 Nf4 16. Ne3 Nf6 17. Nd2 Be6 18. Bxe6 fxe6 19. Ndc4 Qc7 20. f3 Rfd8 21. Bf2
b5 22. Rxd8+ Rxd8 23. axb5 cxb5 24. Nxa5 b4 25. c4 Nd3 26. Nb3 Bf8 27. Rd1 Nxf2
28. Kxf2 Rxd1 29. Qxd1 Nd7 30. Qc2 Nc5 31. Ke2 Nxb3 32. Qxb3 Kf7 33. Ng4 Qc5
34. Qd3 Qc7 35. b3 h5 36. Ne3 Bc5 37. Nc2 Kf6 38. Qd2 Qe7 39. h4 gxh4 40. Qh6+
Kf7 41. Qxh5+ Kf8 42. Qh8+ Kf7 43. Qh7+ Kf8 44. Qxe7+ Kxe7 45. Ne1 Bd4 46. Nd3
Bc3 47. Kf2 Kf6 48. Kg1 1-0

[Event "La Pobla de Lillet op 2006"]
[Site "La Pobla de Lillet ESP"]
[Date "2006.08.07"]
[Round "6.10"]
[White "Fabre Massana, Miquel"]
[Black "Roemhild, Marcus"]
[Result "1-0"]
[WhiteElo "2124"]
[BlackElo "2170"]
[PlyCount "111"]
[EventDate "2006.08.02"]
[EventType "swiss"]
[EventRounds "9"]
[EventCountry "ESP"]
[SourceTitle "Ajedrez en Madri"]
[Source "lmi"]
[SourceDate "2020.06.30"]
[SourceVersion "1"]
[SourceVersionDate "2020.06.30"]
[SourceQuality "1"]

1. e4 c5 2. Nf3 g6 3. d4 cxd4 4. Nxd4 Nc6 5. Nc3 Bg7 6. Be3 Nf6 7. Bc4 O-O 8.
Bb3 e6 9. O-O d5 10. exd5 exd5 11. h3 Na5 12. Qf3 Nxb3 13. axb3 a6 14. Rfd1 Re8
15. Nde2 Bf5 16. Nxd5 Nxd5 17. Rxd5 Qe7 18. Rxf5 gxf5 19. Ng3 Rad8 20. Ra4 Qd7
21. Nxf5 Qd1+ 22. Qxd1 Rxd1+ 23. Kh2 Be5+ 24. g3 Kh8 25. Re4 Re6 26. Kg2 Bxb2
27. Rg4 Rd7 28. Rc4 Rc6 29. Re4 Rc8 30. c4 f6 31. c5 Be5 32. f4 Bc3 33. Nd6
Rcd8 34. Rc4 Ba5 35. b4 Bb6 36. Ne4 Rd3 37. Kf2 f5 38. Ng5 Bc7 39. Nf7+ Kg8 40.
Nxd8 Rxd8 41. g4 Kf7 42. Kf3 Ke6 43. Rd4 Rxd4 44. Bxd4 Bd8 45. g5 Kd5 46. Be5
a5 47. bxa5 Bxa5 48. h4 Ke6 49. Ke3 Be1 50. h5 Kf7 51. Kd4 Ke6 52. Kc4 Bh4 53.
Bb8 Bf2 54. Kb5 Kd7 55. g6 hxg6 56. h6 1-0

[Event "La Pobla de Lillet op 2006"]
[Site "La Pobla de Lillet ESP"]
[Date "2006.08.07"]
[Round "6.15"]
[White "Jane Besora, Rafael"]
[Black "Capellades Subirana, Marc"]
[Result "1/2-1/2"]
[WhiteElo "1954"]
[BlackElo "2065"]
[PlyCount "106"]
[EventDate "2006.08.02"]
[EventType "swiss"]
[EventRounds "9"]
[EventCountry "ESP"]
[SourceTitle "Ajedrez en Madri"]
[Source "lmi"]
[SourceDate "2020.06.30"]
[SourceVersion "1"]
[SourceVersionDate "2020.06.30"]
[SourceQuality "1"]

1. e4 e5 2. Nf3 Nc6 3. Bc4 Bc5 4. c3 Nf6 5. d4 exd4 6. e5 Ng4 7. Bxf7+ Kxf7 8.
Ng5+ Kf8 9. Qxg4 Nxe5 10. Qe4 Qf6 11. cxd4 Bb4+ 12. Nc3 Ng6 13. O-O Bxc3 14.
bxc3 Qe7 15. Qf5+ Qf6 16. Qc5+ Qd6 17. Qxd6+ cxd6 18. Ba3 h6 19. Ne4 Kg8 20.
Nxd6 b6 21. f4 Ba6 22. Rf3 Rh7 23. Re1 Nh4 24. Rfe3 g6 25. Re8+ Rxe8 26. Rxe8+
Kg7 27. Ne4 d5 28. Re7+ Kh8 29. Rxh7+ Kxh7 30. Nf6+ Kg7 31. Nxd5 Bc4 32. Ne3
Bxa2 33. g4 Nf3+ 34. Kf2 Nd2 35. Ke2 Nc4 36. Nxc4 Bxc4+ 37. Ke3 Bd5 38. h4 b5
39. f5 gxf5 40. gxf5 Kf6 41. Kf4 h5 42. Bd6 a5 43. Be5+ Kf7 44. Kg5 b4 45. cxb4
axb4 46. Bd6 b3 47. Ba3 Bf3 48. Bb2 Be4 49. d5 Bxd5 50. Kxh5 Be4 51. Kg5 Bd5
52. h5 Kg8 53. Kh6 Bc4 1/2-1/2

[Event "La Pobla de Lillet op 2006"]
[Site "La Pobla de Lillet ESP"]
[Date "2006.08.08"]
[Round "7.1"]
[White "Mellado Triviño, Juan"]
[Black "Felgaer Ziegler, Ruben"]
[Result "0-1"]
[WhiteElo "2388"]
[BlackElo "2581"]
[PlyCount "110"]
[EventDate "2006.08.02"]
[EventType "swiss"]
[EventRounds "9"]
[EventCountry "ESP"]
[SourceTitle "Ajedrez en Madri"]
[Source "lmi"]
[SourceDate "2020.06.30"]
[SourceVersion "1"]
[SourceVersionDate "2020.06.30"]
[SourceQuality "1"]

1. d4 d5 2. Bf4 c5 3. e4 Nc6 4. Bb5 e6 5. exd5 Qxd5 6. Qf3 Qxf3 7. Nxf3 Bd7 8.
dxc5 Bxc5 9. Nbd2 a6 10. Bxc6 Bxc6 11. Ne5 Rc8 12. Nxc6 Rxc6 13. Ne4 Nf6 14.
Nxc5 Rxc5 15. O-O-O Nd5 16. Rd4 Ke7 17. Rhd1 Rhc8 18. c3 b5 19. Kb1 a5 20. a4
Rc4 21. Bg3 bxa4 22. Ka2 f6 23. f3 Nb6 24. Bd6+ Ke8 25. Bg3 e5 26. Rd6 R4c6 27.
Bf2 Rxd6 28. Rxd6 Nc4 29. Rd1 Rb8 30. Rb1 Rb3 31. Bc5 Kd7 32. h4 h5 33. Ka1 Kc6
34. Bf8 g6 35. Ka2 Rb7 36. Bh6 f5 37. g3 Rb5 38. Ka1 Rb7 39. g4 f4 40. gxh5
gxh5 41. Re1 Kd5 42. Re4 a3 43. bxa3 Rb3 44. Bxf4 exf4 45. Rxf4 Rxa3+ 46. Kb1
Rxc3 47. Rf5+ Kd4 48. Rxh5 Rxf3 49. Rh8 Kc3 50. h5 Rf1+ 51. Ka2 Rf2+ 52. Kb1
Nd2+ 53. Ka2 Nc4+ 54. Ka1 Rh2 55. h6 Kb3 0-1

[Event "La Pobla de Lillet op 2006"]
[Site "La Pobla de Lillet ESP"]
[Date "2006.08.08"]
[Round "7.2"]
[White "Mirzoev, Azer"]
[Black "Pogorelov, Ruslan"]
[Result "1/2-1/2"]
[WhiteElo "2523"]
[BlackElo "2395"]
[PlyCount "40"]
[EventDate "2006.08.02"]
[EventType "swiss"]
[EventRounds "9"]
[EventCountry "ESP"]
[SourceTitle "Ajedrez en Madri"]
[Source "lmi"]
[SourceDate "2020.06.30"]
[SourceVersion "1"]
[SourceVersionDate "2020.06.30"]
[SourceQuality "1"]

1. Nf3 Nf6 2. b3 c5 3. Bb2 e6 4. e3 b6 5. Be2 Bb7 6. O-O Be7 7. d4 O-O 8. c4
cxd4 9. Nxd4 a6 10. Nd2 Qc7 11. Rc1 d6 12. Rc2 Nbd7 13. Qa1 Rac8 14. Rd1 Qb8
15. Rcc1 Ne5 16. a4 Nc6 17. h3 Rfd8 18. Bf3 Nxd4 19. Bxd4 Bxf3 20. Nxf3 Qb7
1/2-1/2

[Event "La Pobla de Lillet op 2006"]
[Site "La Pobla de Lillet ESP"]
[Date "2006.08.08"]
[Round "7.3"]
[White "Wehmeier, Stefan"]
[Black "Cicak, Slavko"]
[Result "1-0"]
[WhiteElo "2394"]
[BlackElo "2532"]
[PlyCount "47"]
[EventDate "2006.08.02"]
[EventType "swiss"]
[EventRounds "9"]
[EventCountry "ESP"]
[SourceTitle "Ajedrez en Madri"]
[Source "lmi"]
[SourceDate "2020.06.30"]
[SourceVersion "1"]
[SourceVersionDate "2020.06.30"]
[SourceQuality "1"]

1. d4 Nf6 2. c4 g6 3. Nc3 c5 4. d5 d6 5. e4 Bg7 6. Bd3 Nbd7 7. f4 e5 8. dxe6
fxe6 9. Nf3 O-O 10. O-O Nb8 11. e5 dxe5 12. fxe5 Ng4 13. Bg5 Qd7 14. Ne4 Nc6
15. Nxc5 Qc7 16. Ne4 Bd7 17. Bf6 Qb6+ 18. c5 Qxb2 19. Rb1 Qxa2 20. Bc4 Qxc4 21.
Qxd7 Bh6 22. Rxb7 Be3+ 23. Nf2 Bxf2+ 24. Rxf2 1-0

[Event "La Pobla de Lillet op 2006"]
[Site "La Pobla de Lillet ESP"]
[Date "2006.08.08"]
[Round "7.4"]
[White "Kovacevic, Slobodan"]
[Black "Gardela Batlle, Jordi"]
[Result "1-0"]
[WhiteElo "2340"]
[BlackElo "2230"]
[PlyCount "55"]
[EventDate "2006.08.02"]
[EventType "swiss"]
[EventRounds "9"]
[EventCountry "ESP"]
[SourceTitle "Ajedrez en Madri"]
[Source "lmi"]
[SourceDate "2020.06.30"]
[SourceVersion "1"]
[SourceVersionDate "2020.06.30"]
[SourceQuality "1"]

1. d4 d5 2. Bf4 c6 3. e3 Qb6 4. b3 Bf5 5. Nf3 Nf6 6. h3 e6 7. c3 h6 8. Be2 Be7
9. O-O O-O 10. a3 a5 11. c4 c5 12. Nc3 dxc4 13. bxc4 Rd8 14. Na4 Qc6 15. Qb3
Nbd7 16. Rfd1 cxd4 17. Nxd4 Qc8 18. Nxf5 exf5 19. Qb5 Qc6 20. Bf3 Qxb5 21. cxb5
Nc5 22. Nxc5 Bxc5 23. Bxb7 Rxd1+ 24. Rxd1 Ra7 25. Bc6 Ne4 26. Rd8+ Kh7 27. Rb8
Kg6 28. a4 1-0

[Event "La Pobla de Lillet op 2006"]
[Site "La Pobla de Lillet ESP"]
[Date "2006.08.08"]
[Round "7.5"]
[White "Fabre Massana, Miquel"]
[Black "Arribas Robaina, Maritza"]
[Result "1/2-1/2"]
[WhiteElo "2124"]
[BlackElo "2283"]
[PlyCount "105"]
[EventDate "2006.08.02"]
[EventType "swiss"]
[EventRounds "9"]
[EventCountry "ESP"]
[SourceTitle "Ajedrez en Madri"]
[Source "lmi"]
[SourceDate "2020.06.30"]
[SourceVersion "1"]
[SourceVersionDate "2020.06.30"]
[SourceQuality "1"]

1. e4 e5 2. Nf3 d6 3. Bc4 Be7 4. d4 exd4 5. Nxd4 Nf6 6. Nc3 O-O 7. O-O c6 8. a4
Nxe4 9. Nxe4 d5 10. Bd3 dxe4 11. Bxe4 g6 12. c3 Nd7 13. Bf4 Nf6 14. Bf3 Nd5 15.
Bh6 Re8 16. Re1 Bf6 17. Qd2 Rxe1+ 18. Rxe1 Nc7 19. h3 Ne6 20. Nxe6 Qxd2 21.
Bxd2 Bxe6 22. Be3 Rd8 23. a5 a6 24. Rd1 Kf8 25. Kf1 Ke8 26. Ke1 Bb3 27. Rxd8+
Bxd8 28. Bb6 Bxb6 29. axb6 Kd7 30. Kd2 Kd6 31. Be2 Bd5 32. g3 c5 33. Ke3 Kc6
34. Kf4 f6 35. h4 Kxb6 36. g4 Kc6 37. g5 fxg5+ 38. Kxg5 b5 39. Bd3 a5 40. Kh6
c4 41. Bb1 b4 42. cxb4 axb4 43. Kxh7 Bf7 44. Kg7 Be8 45. f4 Kd6 46. Kf6 Kd7 47.
f5 gxf5 48. Kxf5 Bh5 49. Ke5 c3 50. bxc3 bxc3 51. Kd4 Ke7 52. Kxc3 Kf6 53. Kd4
1/2-1/2

[Event "La Pobla de Lillet op 2006"]
[Site "La Pobla de Lillet ESP"]
[Date "2006.08.08"]
[Round "7.6"]
[White "Ayza Ballester, Jordi"]
[Black "Parligras, Mircea"]
[Result "0-1"]
[WhiteElo "2263"]
[BlackElo "2510"]
[PlyCount "46"]
[EventDate "2006.08.02"]
[EventType "swiss"]
[EventRounds "9"]
[EventCountry "ESP"]
[SourceTitle "Ajedrez en Madri"]
[Source "lmi"]
[SourceDate "2020.06.30"]
[SourceVersion "1"]
[SourceVersionDate "2020.06.30"]
[SourceQuality "1"]

1. e4 g6 2. d4 Bg7 3. c3 d5 4. exd5 Qxd5 5. Nf3 Nf6 6. h3 c5 7. Be3 cxd4 8.
cxd4 Be6 9. Nc3 Qa5 10. Be2 O-O 11. O-O Nc6 12. a3 Nd5 13. Nxd5 Bxd5 14. b4 Qb6
15. Ne5 Rfe8 16. Nc4 Bxc4 17. Bxc4 Bxd4 18. Qb3 Ne5 19. Bd5 Bxe3 20. fxe3 e6
21. Be4 Rac8 22. Rac1 Rxc1 23. Rxc1 Nd3 0-1

[Event "La Pobla de Lillet op 2006"]
[Site "La Pobla de Lillet ESP"]
[Date "2006.08.08"]
[Round "7.7"]
[White "Movsziszian, Karen"]
[Black "Alonso Moyano, Jonathan"]
[Result "1-0"]
[WhiteElo "2507"]
[BlackElo "2372"]
[PlyCount "77"]
[EventDate "2006.08.02"]
[EventType "swiss"]
[EventRounds "9"]
[EventCountry "ESP"]
[SourceTitle "Ajedrez en Madri"]
[Source "lmi"]
[SourceDate "2020.06.30"]
[SourceVersion "1"]
[SourceVersionDate "2020.06.30"]
[SourceQuality "1"]

1. e4 c5 2. d3 Nc6 3. g3 g6 4. Bg2 Bg7 5. f4 e6 6. Nf3 Nge7 7. O-O O-O 8. c3 d5
9. e5 Rb8 10. d4 b6 11. Be3 f6 12. exf6 Bxf6 13. Bf2 cxd4 14. cxd4 Bg7 15. Nc3
b5 16. Re1 Qb6 17. Qd2 Bd7 18. Rad1 Rbe8 19. h4 Na5 20. Ne5 Bc8 21. b3 Nac6 22.
Qe2 a6 23. h5 Nxe5 24. dxe5 Qa5 25. Rc1 g5 26. Qg4 h6 27. Bc5 gxf4 28. gxf4 Rf7
29. Bxe7 Rfxe7 30. Kh1 Bd7 31. Rg1 b4 32. Ne2 Qxa2 33. Nd4 Qb2 34. Rcd1 Rf8 35.
Qh4 Ref7 36. f5 Rxf5 37. Nxf5 Rxf5 38. Qd8+ Kh7 39. Be4 1-0

[Event "La Pobla de Lillet op 2006"]
[Site "La Pobla de Lillet ESP"]
[Date "2006.08.08"]
[Round "7.8"]
[White "Velicka, Petr"]
[Black "Pascual Genoves, Marc"]
[Result "1-0"]
[WhiteElo "2475"]
[BlackElo "2213"]
[PlyCount "79"]
[EventDate "2006.08.02"]
[EventType "swiss"]
[EventRounds "9"]
[EventCountry "ESP"]
[SourceTitle "Ajedrez en Madri"]
[Source "lmi"]
[SourceDate "2020.06.30"]
[SourceVersion "1"]
[SourceVersionDate "2020.06.30"]
[SourceQuality "1"]

1. e4 d6 2. d4 g6 3. c3 Bg7 4. f4 Nd7 5. Nf3 e5 6. Bc4 exd4 7. cxd4 Nb6 8. Bb3
d5 9. e5 Ne7 10. Nc3 O-O 11. O-O Be6 12. Ng5 Qd7 13. Nxe6 fxe6 14. Qe2 Nf5 15.
Qf2 Rf7 16. g4 Ne7 17. Qe2 Raf8 18. Qd3 c6 19. Be3 Na8 20. Ne2 Nc7 21. Bc2 b6
22. Rf2 Qc8 23. a3 Na8 24. b4 a6 25. Raf1 Nc7 26. Ng3 Qb7 27. h4 Bh8 28. h5 b5
29. Kh2 Qc8 30. Rg2 Bg7 31. Qd2 Bh6 32. f5 Bxe3 33. Qxe3 gxf5 34. gxf5 Kh8 35.
f6 Ng8 36. h6 Ne8 37. Nh5 Qc7 38. Kh1 Qd7 39. Rfg1 Qd8 40. Qg5 1-0